| 000 | 00623nam a2200169Ia 4500 | ||
|---|---|---|---|
| 005 | 20250508155458.0 | ||
| 008 | 008 250505s9999 xx 000 0 eng d | ||
| 037 | _aTextual | ||
| 040 |
_aFEDL _beng _cFEDL |
||
| 041 |
_aeng _2eng |
||
| 084 |
_a373, UNI _qFEDL |
||
| 245 | 0 | _aCardinal principles of secondary education: A rpeort of the commission on the commission on the reorganization of secondary education, appointed by the national education association | |
| 260 |
_aWashington, USA _bU.S. Government Printing Office _c1962 |
||
| 300 | _a32p. | ||
| 942 |
_cTEXL _h373, UNI |
||
| 999 |
_c1357177 _d1357177 |
||